<?xml version="1.0" encoding="UTF-8"?>
<record
    xmlns:xsi="http://www.w3.org/2001/XMLSchema-instance"
    xsi:schemaLocation="http://www.loc.gov/MARC21/slim http://www.loc.gov/standards/marcxml/schema/MARC21slim.xsd"
    xmlns="http://www.loc.gov/MARC21/slim">

  <leader>04459nab a2200325 i 4500</leader>
  <controlfield tag="003">BR-BrBNA</controlfield>
  <controlfield tag="005">20240321110251.0</controlfield>
  <controlfield tag="008">240321b2012    bl.qr|pooa||| 00| 0 por |</controlfield>
  <datafield tag="040" ind1=" " ind2=" ">
    <subfield code="a">BR-BrBNA</subfield>
    <subfield code="b">por</subfield>
  </datafield>
  <datafield tag="072" ind1=" " ind2=" ">
    <subfield code="a">F70</subfield>
  </datafield>
  <datafield tag="072" ind1=" " ind2=" ">
    <subfield code="a">E50</subfield>
  </datafield>
  <datafield tag="072" ind1=" " ind2=" ">
    <subfield code="a">S01</subfield>
  </datafield>
  <datafield tag="100" ind1=" " ind2=" ">
    <subfield code="a">Siviero, A.</subfield>
  </datafield>
  <datafield tag="100" ind1=" " ind2=" ">
    <subfield code="a">Delunardo, T.A.</subfield>
  </datafield>
  <datafield tag="100" ind1=" " ind2=" ">
    <subfield code="a">Haverroth, M.</subfield>
  </datafield>
  <datafield tag="100" ind1=" " ind2=" ">
    <subfield code="a">Oliveira, L.C.</subfield>
  </datafield>
  <datafield tag="100" ind1=" " ind2=" ">
    <subfield code="a">Mendon&#xE7;a, A.M.S.</subfield>
  </datafield>
  <datafield tag="245" ind1=" " ind2=" ">
    <subfield code="a">Plantas medicinais em quintais urbanos de Rio Branco, Acre</subfield>
  </datafield>
  <datafield tag="500" ind1=" " ind2=" ">
    <subfield code="a">Publica&#xE7;&#xE3;o on-line; 37 ref.; 3 tables; 2 illus.; Summaries (En, Pt)</subfield>
  </datafield>
  <datafield tag="520" ind1=" " ind2=" ">
    <subfield code="a">
RESUMO: 

Este trabalho teve como objetivo realizar levantamento das esp&#xE9;cies vegetais de uso
medicinal cultivadas em quintais urbanos da cidade de Rio Branco. Foram realizadas entrevistas
presenciais com aplica&#xE7;&#xE3;o de question&#xE1;rio especifico registrando as esp&#xE9;cies vegetais de uso
medicinal e dados s&#xF3;cio-econ&#xF4;micos dos moradores em 132 quintais urbanos de Rio Branco
entre 2009 e 2010. Os bairros selecionados para o estudo foram: Aeroporto Velho, Placas, e
Novo Horizonte, todos situados na periferia do munic&#xED;pio. Foram detectadas 83 esp&#xE9;cies vegetais
de uso medicinal pertencente a 50 fam&#xED;lias bot&#xE2;nicas com destaque para Lamiaceae (12,0%) e
Asteraceae (6,0%), sendo 66,2% ex&#xF3;ticas, e 28,9% e 16,8%, associadas ao uso alimentar e
ornamental, respectivamente. A decoc&#xE7;&#xE3;o das folhas visando &#xE0; obten&#xE7;&#xE3;o do ch&#xE1; foi o principal
modo de preparo das plantas. A an&#xE1;lise de regress&#xE3;o log&#xED;stica entre a riqueza de esp&#xE9;cies e
diversos fatores socioecon&#xF4;micos dos entrevistados mostrou que a probabilidade de ocorr&#xEA;ncia
de esp&#xE9;cies &#xE9; tr&#xEA;s vezes maior em quintais manejados por moradores com idade superior a 50
anos de idade. A an&#xE1;lise de correla&#xE7;&#xE3;o n&#xE3;o param&#xE9;trica de fatores quantitativos mostrou que a
vari&#xE1;vel tempo de moradia est&#xE1; mais correlacionada com a riqueza de plantas medicinais do que
a vari&#xE1;vel idade. O cultivo das plantas medicinais em quintais urbanos de Rio Branco auxilia no
combate a doen&#xE7;as e promove a conserva&#xE7;&#xE3;o ex situ da agrobiodiversidade agroflorestal, bem
estar aos moradores pela melhoria da paisagem, ambi&#xEA;ncia microclim&#xE1;tica e espa&#xE7;o de lazer.

Palavras-chave: diversidade vegetal, fitoterapia, Amaz&#xF4;nia, agricultura urbana</subfield>
  </datafield>
  <datafield tag="520" ind1=" " ind2=" ">
    <subfield code="a">
ABSTRACT: 

Medicinal plants in urban backyards in Rio Branco, Acre. This study aimed to
survey the medicinal plant species grown in urban backyards in the city of Rio Branco. Personal
interviews were conducted by applying a specific questionnaire recording the plant species of
medicinal use and the socioeconomic data of residents in 132 urban backyards in Rio Branco
between 2009 and 2010. The districts selected for the study were &#x201C;Aeroporto Velho&#x201D;, &#x201C;Placas&#x201D; and
&#x201C;Novo Horizonte&#x201D;, all situated on the outskirts of the city. We detected 83 medicinal plant species
belonging to 50 botanical families, especially Lamiaceae (12.0%) and Asteraceae (6.0%), of which
66.2% are exotic, and 28.9% and 16.8% are associated with food and ornamental use, respectively.
Decoction of the leaves in order to obtain tea was the main mode of preparation of these plants.
Logistic regression analysis between species richness and various socioeconomic factors of the
interviewees showed that the probability of occurrence of species is threefold higher in backyards
managed by residents older than 50 years. Nonparametric correlation analysis of quantitative factors
showed that the variable time of residence is more correlated to the richness of medicinal plants
than to the variable age. Cultivation of medicinal plants in urban backyards in Rio Branco helps
prevent diseases and promote ex situ conservation of agroforest agrobiodiversity, welfare to the
residents by improving the landscape, microclimate ambiance and entertainment space.

Key words: plant diversity, phytoterapy, Amazon, urban agriculture
</subfield>
  </datafield>
  <datafield tag="650" ind1=" " ind2=" ">
    <subfield code="a">BIODIVERSIDADE</subfield>
  </datafield>
  <datafield tag="650" ind1=" " ind2=" ">
    <subfield code="a">FITOTERAPIA</subfield>
  </datafield>
  <datafield tag="650" ind1=" " ind2=" ">
    <subfield code="a">AMAZ&#xD4;NIA</subfield>
  </datafield>
  <datafield tag="650" ind1=" " ind2=" ">
    <subfield code="a">AGRICULTURA URBANA</subfield>
  </datafield>
  <datafield tag="773" ind1="0" ind2=" ">
    <subfield code="0">3543</subfield>
    <subfield code="9">313930</subfield>
    <subfield code="d">Botucatu-SP Instituto de Bioci&#xEA;ncias - Departamento de Qu&#xED;mica e Bioqu&#xED;mica 1998</subfield>
    <subfield code="o">2024-0201</subfield>
    <subfield code="t">Revista Brasileira de Plantas Medicinais (Brazil)</subfield>
    <subfield code="x">1516-0572</subfield>
    <subfield code="g">v. 14(4) p. 598-610; (2012)</subfield>
    <subfield code="w">BR2024000377</subfield>
  </datafield>
  <datafield tag="856" ind1=" " ind2=" ">
    <subfield code="u">https://www.scielo.br/j/rbpm/a/GSCK4YCNhVXv5cfZhgy6rbF/?format=pdf&amp;lang=pt</subfield>
  </datafield>
  <datafield tag="942" ind1=" " ind2=" ">
    <subfield code="c">Anal&#xED;tica</subfield>
  </datafield>
  <datafield tag="999" ind1=" " ind2=" ">
    <subfield code="c">298883</subfield>
    <subfield code="d">298883</subfield>
  </datafield>
</record>
